| 000 | 00891 a2200169 4500 | ||
|---|---|---|---|
| 003 | Nust | ||
| 005 | 20170207154200.0 | ||
| 040 | _cNust | ||
| 082 | _a621.380 | ||
| 100 | _aKraus John D. | ||
| 245 |
_aAntennas _cJohn D. Kraus |
||
| 250 | _a1st. | ||
| 260 |
_aNew York _bMcGraw Hill _c1950 |
||
| 300 | _a553 p. | ||
| 505 | _aIntroduction (Page-1) Point Sources (Page-11) The Antenna as an Aperture (Page-41) Arrays of Point Sources (Page-57) The Electric Dipole and Thin Linear Antennas (Page-127) The Loop Antenna (Page-155) The Helical Antenna (Page-173) The Biconical Antenna Its Current Distribution and Impedance (Page-230) Self and Mutual Impedances (Page-251) Arrays of Linear Antennas (Page-279) Reflector Type Antennas (Page-324) Slot Horn and Complementary Antennas (Page-353) Lens Long Wire and Other Types of Antennas (Page-382) Antenna Measurements (Page-444) | ||
| 650 | _aAntennas | ||
| 942 |
_2ddc _cBK |
||
| 999 |
_c194670 _d194670 |
||